| 000 | 00704nam a22002177a 4500 | ||
|---|---|---|---|
| 003 | OSt | ||
| 005 | 20180116192408.0 | ||
| 008 | 120426t2011 xxu||||| |||| 00| 0 eng d | ||
| 020 | _a9780470689790 | ||
| 040 | _c0 | ||
| 082 | _a720.47 EXP 2011 | ||
| 245 |
_aExperimental green strategies : _bRedefining ecological research/ _cGuest-Edited by Terri Peters |
||
| 260 |
_aLondon : _bWiley ; _c2011 |
||
| 300 |
_a136 P. : _bill ; _c28 cm. |
||
| 440 |
_aArchitectural design ; _pSADAv. 81, no. 6 _91079 |
||
| 490 |
_aProfile ; _v214 _x0003-8504 |
||
| 650 |
_aSustainable architecture _91080 |
||
| 700 |
_a Peters, Terri. _91081 |
||
| 942 |
_2ddc _cBK |
||
| 999 |
_c353466 _d353466 |
||